Peanuts Characters - Statistics

General Stats
  • This quiz has been taken 129 times
  • The average score is 12 of 17
Answer Stats
Picture Answer % Correct
Charlie Brown
100%
Lucy
100%
Snoopy
100%
Linus
99%
Peppermint Patty
97%
Woodstock
95%
Pig-pen
93%
Sally
88%
Marcie
83%
Schroeder
80%
Franklin
66%
Little Red Haired Girl
52%
Rerun
44%
Frieda
24%
Patty
23%
Peggy Jean
8%
Janice
6%
No matching quizzes found
Score Distribution
Percent of People with Each Score
Percentile by Number Answered
Your Score History
You have not taken this quiz